| 000 | 00761cam a2200253 i 4500 | ||
|---|---|---|---|
| 999 |
_c2735 _d2735 |
||
| 001 | 376163 | ||
| 003 | GBCCL | ||
| 005 | 20241126110438.0 | ||
| 008 | 781207s1978 ilu 000 0beng | ||
| 010 | _a 78027498 | ||
| 020 | _a0877885583 | ||
| 040 |
_aDLC _cDLC _dDLC |
||
| 050 | 0 | 0 |
_aBS580.M6 _bB29 1978 |
| 082 | 0 | 0 |
_a253 _bBAU |
| 100 | 1 |
_aBaughen, Michael A. _95782 |
|
| 245 | 1 | 4 |
_aThe Moses principle : _bleadership and the venture of faith / _cMichael Baughen. |
| 260 |
_aWheaton, Ill : _bH. Shaw, _cc1978. |
||
| 300 |
_a118 p. ; _c21 cm. |
||
| 600 | 0 | 0 |
_aMoses _c(Biblical leader) _95783 |
| 630 | 0 | 0 |
_aBible. _pOld Testament _vBiography. _95784 |
| 650 | 0 |
_aChristian life. _9183 |
|
| 906 |
_a7 _bcbc _corignew _d1 _eocip _f19 _gy-gencatlg |
||
| 942 |
_2ddc _cBK _06 |
||